[Event "Codogno op-A 4th"]
[Site "Codogno"]
[Date "2012.09.22"]
[Round "2"]
[White "Mussap, Angelo"]
[Black "Stella, Andrea"]
[Result "0-1"]
[WhiteElo "2051"]
[BlackElo "2456"]
[PlyCount "54"]
[EventDate "2012.09.21"]
[EventType "swiss"]
[EventRounds "5"]
[EventCountry "ITA"]
[SourceTitle "EXT 2016"]
[Source "ChessBase"]
[SourceDate "2015.10.08"]
[SourceVersion "1"]
[SourceVersionDate "2015.10.08"]
[SourceQuality "1"]

1. e4 c5 2. Nf3 d6 3. d4 cxd4 4. Nxd4 Nf6 5. Nc3 a6 6. Bg5 Nbd7 7. Be2 e6 8. 0-0 b5 9. Be3 Bb7 10. f3 b4 11. Na4 d5 12. exd5 Nxd5 13. Bf2 Qa5 14. b3 Nc5 15. Nxc5 Bxc5 16. Bc4 0-0 17. Qe1 Qc7 18. Kh1 Rad8 19. Bd3 Nf4 20. Ne2 Bxf2 21. Rxf2 Nxd3 22. cxd3 a5 23. Rd1 Ba6 24. Nc1 Rd5 25. Rfd2 Rfd8 26. Qg3 Qb6 27. Qf4 Rf5 0-1

[Event "Crema op 13th"]
[Site "Crema"]
[Date "2011.09.02"]
[Round "2"]
[White "Cocconcelli, Lorenzo"]
[Black "Mussap, Angelo"]
[Result "0-1"]
[WhiteElo "1859"]
[BlackElo "2036"]
[PlyCount "68"]
[EventDate "2011.09.02"]
[EventType "swiss"]
[EventRounds "6"]
[EventCountry "ITA"]
[SourceTitle "EXT 2022"]
[Source "ChessBase"]
[SourceDate "2021.10.06"]
[SourceVersion "1"]
[SourceVersionDate "2021.10.06"]
[SourceQuality "1"]

1. d4 e6 2. c4 Nf6 3. Nf3 Bb4+ 4. Bd2 Be7 5. Nc3 d5 6. e3 0-0 7. Bd3 c5 8. cxd5 cxd4 9. exd4 exd5 10. h3 Nc6 11. 0-0 h6 12. Qc1 Re8 13. Bf4 Be6 14. Qd2 Bb4 15. Rfe1 Qd7 16. Ne5 Nxe5 17. Bxe5 Nh7 18. Qc2 Ng5 19. Bb5 Qe7 20. Bxe8 Rxe8 21. Bg3 Qd7 22. f3 Rc8 23. h4 Nh7 24. Qb3 Rc4 25. Red1 Nf6 26. Ne2 Ba5 27. Nf4 Bf5 28. Nd3 Qc8 29. Be1 Bb6 30. Bc3 Qc7 31. Nc5 Qf4 32. Rac1 Qe3+ 33. Kh1 Qf4 34. Kg1 Bc7 0-1

[Event "Crema op 12th"]
[Site "Crema "]
[Date "2010.09.05"]
[Round "1"]
[White "Bertoletti, Vincenzo"]
[Black "Mussap, Angelo"]
[Result "0-1"]
[WhiteElo "1737"]
[BlackElo "2051"]
[PlyCount "108"]
[EventDate "2010.09.05"]
[EventType "swiss"]
[EventRounds "6"]
[EventCountry "ITA"]
[SourceTitle "EXT 2012"]
[Source "ChessBase"]
[SourceDate "2011.11.24"]
[SourceVersion "1"]
[SourceVersionDate "2011.11.24"]
[SourceQuality "1"]

1. d4 e6 2. e4 Nf6 3. Bg5 Be7 4. Bd3 c5 5. dxc5 Qa5+ 6. c3 Qxc5 7. Nf3 Ng4 8. Nd4 Qxg5 9. 0-0 0-0 10. h3 Nf6 11. Nd2 Nc6 12. f4 Qh6 13. Qf3 Bc5 14. N2b3 Bb6 15. g4 Qh4 16. Kg2 Bxd4 17. cxd4 d5 18. e5 Nd7 19. Rac1 a5 20. a3 a4 21. Nd2 Nxd4 22. Qe3 Nc6 23. Nf3 Qd8 24. h4 Qb6 25. Qd2 Nc5 26. Qf2 d4 27. Bxh7+ Kxh7 28. Qc2+ d3 29. Qxc5 Qxc5 30. Rxc5 Rd8 31. Rd1 Ra5 32. Rc3 Rad5 33. Ng5+ Kg8 34. Ne4 Rd4 35. Kf3 Ne7 36. Ke3 R4d7 37. Kf3 b6 38. Kg3 Ba6 39. Nd6 Nd5 40. Rcc1 Ne3 41. Rd2 f6 42. Kf3 Nd5 43. h5 fxe5 44. fxe5 Rf8+ 45. Kg3 Rc7 46. Rh1 Rc2 47. Rhh2 Ne3 48. Rxc2 dxc2 49. Rh1 Nd1 50. h6 c1Q 51. h7+ Kh8 52. Re1 Qf4+ 53. Kh3 Nf2+ 54. Kh4 Qxg4# 0-1

[Event "Crema op 11th"]
[Site "Crema"]
[Date "2009.09.05"]
[Round "4"]
[White "Mussap, Angelo"]
[Black "Cervini, Ernesto"]
[Result "1-0"]
[WhiteElo "2045"]
[BlackElo "1822"]
[PlyCount "59"]
[EventDate "2009.09.04"]
[EventType "swiss"]
[EventRounds "6"]
[EventCountry "ITA"]
[SourceTitle "EXT 2011"]
[Source "ChessBase"]
[SourceDate "2010.11.26"]
[SourceVersion "1"]
[SourceVersionDate "2010.11.26"]
[SourceQuality "1"]

1. e4 c5 2. Nf3 Nc6 3. Nc3 d6 4. Bc4 e6 5. d4 cxd4 6. Nxd4 a6 7. Be3 Be7 8. Qd2 Ne5 9. Be2 b5 10. f4 Nc4 11. Bxc4 bxc4 12. Nc6 Qc7 13. Nxe7 Kxe7 14. 0-0-0 Bb7 15. e5 d5 16. f5 h6 17. Na4 Ke8 18. fxe6 fxe6 19. Nc5 Bc8 20. Qe2 Ne7 21. Qh5+ g6 22. Qg4 Qxe5 23. Bd4 Qc7 24. Nxe6 Qc6 25. Rhe1 h5 26. Qg5 Bxe6 27. Bxh8 Kd7 28. Bf6 Qd6 29. Bxe7 Qxe7 30. Rxd5+ 1-0

[Event "Crema op 10th"]
[Site "Crema"]
[Date "2008.09.07"]
[Round "6"]
[White "Cervini, Ernesto"]
[Black "Mussap, Angelo"]
[Result "1-0"]
[WhiteElo "1494"]
[BlackElo "2056"]
[PlyCount "50"]
[EventDate "2008.09.05"]
[EventType "swiss"]
[EventRounds "6"]
[EventCountry "ITA"]
[SourceTitle "EXT 2011"]
[Source "ChessBase"]
[SourceDate "2010.11.26"]
[SourceVersion "1"]
[SourceVersionDate "2010.11.26"]
[SourceQuality "1"]

1. d4 d5 2. c4 Nf6 3. Nc3 Bf5 4. e3 e6 5. c5 Be7 6. Bd3 Bg4 7. Nge2 c6 8. 0-0 Nbd7 9. Qc2 0-0 10. e4 e5 11. exd5 cxd5 12. dxe5 Nxe5 13. Bf5 Bh5 14. Bf4 Ng6 15. Be3 Qc7 16. Bd4 Bxe2 17. Bxf6 Bxf6 18. Qxe2 Qxc5 19. Rac1 Qa5 20. Rfe1 Nf4 21. Qf3 Bg5 22. Rcd1 Ne6 23. Rxd5 Qxd5 24. Nxd5 Nd4 25. Qe4 Rae8 1-0

[Event "Crema op 09th"]
[Site "Crema"]
[Date "2007.09.09"]
[Round "5"]
[White "Mussap, Angelo"]
[Black "Bonazzi, Edoardo"]
[Result "1/2-1/2"]
[WhiteElo "2083"]
[BlackElo "2185"]
[PlyCount "79"]
[EventDate "2007.09.07"]
[EventType "swiss"]
[EventRounds "6"]
[EventCountry "ITA"]
[SourceTitle "EXT 2009"]
[Source "ChessBase"]
[SourceDate "2008.11.26"]
[SourceVersion "1"]
[SourceVersionDate "2008.11.26"]
[SourceQuality "1"]

1. e4 c6 2. d4 d5 3. Nc3 dxe4 4. Nxe4 Bf5 5. Ng3 Bg6 6. h4 h6 7. h5 Bh7 8. Bd3 Bxd3 9. Qxd3 e6 10. Nf3 Nd7 11. Bf4 Qa5+ 12. c3 Ngf6 13. b4 Qb6 14. 0-0 Be7 15. Ne5 0-0 16. Nxd7 Nxd7 17. Ne4 Nf6 18. Nxf6+ Bxf6 19. a4 Rfd8 20. Qg3 Rd5 21. Bxh6 Rxh5 22. Bf4 Qd8 23. Qf3 g6 24. a5 a6 25. Rae1 Kg7 26. g4 Qd5 27. Re4 Rh3 28. Bg3 Rah8 29. Kg2 Qg5 30. Rf4 Qh6 31. Qd1 Bh4 32. Qe2 Bxg3 33. Qe5+ Kg8 34. Qb8+ Kg7 35. Qe5+ Kg8 36. Qb8+ Kg7 37. Rxf7+ Kxf7 38. fxg3+ Ke7 39. Qc7+ Ke8 40. Qc8+ 1/2-1/2

[Event "Piacenza op 1st"]
[Site "Piacenza"]
[Date "2005.11.05"]
[Round "3"]
[White "Magrini, Fabrizio"]
[Black "Mussap, Angelo"]
[Result "1/2-1/2"]
[WhiteElo "2067"]
[BlackElo "2107"]
[PlyCount "74"]
[EventDate "2005.11.04"]
[EventType "swiss"]
[EventRounds "5"]
[EventCountry "ITA"]
[SourceTitle "CBM 109 Extra"]
[Source "ChessBase"]
[SourceDate "2006.01.03"]
[SourceVersion "2"]
[SourceVersionDate "2006.01.03"]
[SourceQuality "1"]

1. e4 c5 2. Nf3 Nc6 3. d4 cxd4 4. Nxd4 Nf6 5. Nc3 a6 6. Nxc6 bxc6 7. e5 Ng8 8. Bc4 g6 9. Qf3 e6 10. 0-0 Bg7 11. Bf4 Ne7 12. Ne4 0-0 13. Nf6+ Bxf6 14. exf6 Nf5 15. g4 Nd4 16. Qe4 Qxf6 17. g5 Qg7 18. Rad1 e5 19. Rxd4 exf4 20. Qxf4 d5 21. Bb3 Bh3 22. Rfd1 Rae8 23. c4 Re5 24. Qg3 Bd7 25. cxd5 Rfe8 26. dxc6 Re1+ 27. Kg2 Bxc6+ 28. Kh3 Rxd1 29. Rxd1 Bb7 30. Qc7 Bc8+ 31. Kg2 Qf8 32. Ba4 Qb4 33. Bxe8 Qg4+ 34. Qg3 Qxd1 35. Qf3 Bb7 36. Bxf7+ Kg7 37. Qxb7 Qg4+ 1/2-1/2

[Event "Salsomaggiore Terme op 8th"]
[Site "Salsomaggiore Terme"]
[Date "2004.??.??"]
[Round "3"]
[White "Peric, Slavisa"]
[Black "Mussap, Angelo"]
[Result "1-0"]
[WhiteElo "2245"]
[BlackElo "1900"]
[PlyCount "65"]
[EventDate "2004.05.??"]
[EventType "swiss"]
[EventRounds "6"]
[EventCountry "ITA"]
[SourceTitle "EXT 2007"]
[Source "ChessBase"]
[SourceDate "2006.11.23"]
[SourceVersion "1"]
[SourceVersionDate "2006.11.23"]
[SourceQuality "1"]

1. d4 d5 2. Nf3 Nf6 3. e3 g6 4. c4 c6 5. Nc3 Bg7 6. Qb3 e6 7. Bd2 Nbd7 8. cxd5 exd5 9. Bd3 0-0 10. 0-0 Bh6 11. Qc2 Re8 12. b4 Qe7 13. b5 Ne4 14. bxc6 bxc6 15. Na4 c5 16. dxc5 Ndxc5 17. Nxc5 Nxc5 18. Bb4 Bf8 19. Rac1 Bg4 20. Bxc5 Qf6 21. Bxf8 Bxf3 22. gxf3 Kxf8 23. Qc5+ Kg8 24. f4 Rad8 25. Qd4 Qh4 26. f3 Re7 27. Kh1 Rde8 28. f5 Qh5 29. e4 dxe4 30. Bxe4 Re5 31. Rc7 Qh4 32. fxg6 hxg6 33. Rxf7 1-0

[Event "Rivarolo Mantovano op"]
[Site "Rivarolo Mantovano"]
[Date "2003.10.19"]
[Round "5"]
[White "Ruggeri, Dario"]
[Black "Mussap, Angelo"]
[Result "0-1"]
[WhiteElo "1729"]
[BlackElo "1807"]
[PlyCount "92"]
[EventDate "2003.10.11"]
[EventType "swiss"]
[EventRounds "6"]
[EventCountry "ITA"]
[SourceTitle "EXT 2007"]
[Source "ChessBase"]
[SourceDate "2006.11.23"]
[SourceVersion "1"]
[SourceVersionDate "2006.11.23"]
[SourceQuality "1"]

1. e4 c5 2. Nf3 d6 3. d4 cxd4 4. Nxd4 Nf6 5. Nc3 a6 6. Bd3 g6 7. h3 Bg7 8. Be3 Nc6 9. a3 Ne5 10. Be2 Bd7 11. f4 Nc6 12. 0-0 0-0 13. Qe1 Nxe4 14. Nxe4 Bxd4 15. Bxd4 Nxd4 16. Bd3 Nf5 17. Kh1 Bc6 18. Ng3 Nxg3+ 19. Qxg3 f5 20. Rfe1 Rf6 21. Qe3 Kf8 22. Rad1 Qc7 23. Qd4 Bd7 24. Bc4 Rc8 25. Bb3 Qc5 26. Qd3 Bc6 27. Qg3 Be4 28. h4 e6 29. Re3 Rc7 30. Qg5 Kg7 31. Rh3 Qf2 32. Rxd6 h6 33. Qg3 Qxg3 34. Rxg3 Bxc2 35. Rxe6 Rxe6 36. Bxe6 Kf6 37. Bg8 Be4 38. h5 gxh5 39. Bb3 Rc1+ 40. Kh2 Rf1 41. Rh3 Rxf4 42. Rxh5 Kg6 43. Rh3 Rf2 44. Rg3+ Kf6 45. Kh3 Rxb2 46. Bd1 f4 0-1

[Event "Rivarolo Mantovano op"]
[Site "Rivarolo Mantovano"]
[Date "2003.10.18"]
[Round "4"]
[White "Mussap, Angelo"]
[Black "Gozzi, Fabrizio"]
[Result "1-0"]
[WhiteElo "1807"]
[BlackElo "1812"]
[PlyCount "108"]
[EventDate "2003.10.11"]
[EventType "swiss"]
[EventRounds "6"]
[EventCountry "ITA"]
[SourceTitle "EXT 2007"]
[Source "ChessBase"]
[SourceDate "2006.11.23"]
[SourceVersion "1"]
[SourceVersionDate "2006.11.23"]
[SourceQuality "1"]

1. e4 c5 2. Nf3 Nc6 3. d4 cxd4 4. Nxd4 e5 5. Nb5 a6 6. Nd6+ Bxd6 7. Qxd6 Qf6 8. Qd2 Qg6 9. f3 Nge7 10. Na3 b5 11. c3 0-0 12. Nc2 d6 13. Ne3 Rd8 14. Bd3 Qh5 15. 0-0 Be6 16. Qe2 d5 17. exd5 Nxd5 18. Nxd5 Bxd5 19. Re1 Rd6 20. a4 bxa4 21. Bxa6 Nd4 22. cxd4 Raxa6 23. dxe5 Rg6 24. Ra3 Qh3 25. Bf4 Qh4 26. Bg3 Qe7 27. Qb5 Bb3 28. Qb8+ Qf8 29. Qxf8+ Kxf8 30. Raa1 Rgc6 31. Rac1 Ke7 32. Bf2 Ke6 33. f4 g6 34. Bc5 Kd5 35. Bb4 Rxc1 36. Rxc1 Rc6 37. Bc3 Rc4 38. g3 Ke4 39. Kf2 Kd3 40. Re1 a3 41. e6 fxe6 42. Rxe6 Rxf4+ 43. gxf4 Bxe6 44. Bg7 a2 45. b4 Kc2 46. Ke3 Kb1 47. Ke4 a1Q 48. Bxa1 Kxa1 49. Ke5 Bc4 50. Kf6 Bd3 51. Kg7 h5 52. b5 Bxb5 53. Kxg6 h4 54. Kg5 h3 1-0

[Event "Crema op 04th"]
[Site "Crema"]
[Date "2002.09.06"]
[Round "2"]
[White "Bertoletti, Vincenzo"]
[Black "Mussap, Angelo"]
[Result "0-1"]
[WhiteElo "1380"]
[BlackElo "1825"]
[PlyCount "81"]
[EventDate "2002.09.06"]
[EventType "swiss"]
[EventRounds "6"]
[EventCountry "ITA"]
[SourceTitle "EXT 2007"]
[Source "ChessBase"]
[SourceDate "2006.11.23"]
[SourceVersion "1"]
[SourceVersionDate "2006.11.23"]
[SourceQuality "1"]

1. d4 d5 2. Nf3 Nf6 3. Bf4 Nbd7 4. e3 e6 5. Bd3 Be7 6. Nbd2 b6 7. 0-0 Nh5 8. Bg3 Bb7 9. Rc1 c5 10. Bb5 Nhf6 11. Ne5 0-0 12. Ndf3 a6 13. Bc6 Qc8 14. Bxb7 Qxb7 15. c4 Rac8 16. Qb3 dxc4 17. Nxc4 Qc6 18. Nfe5 Nxe5 19. Bxe5 Nd7 20. Bg3 b5 21. Nd2 c4 22. Qc2 Nf6 23. Nf3 Qe4 24. Qe2 Rfd8 25. h3 Nd5 26. Nd2 Qg6 27. a3 c3 28. Nf3 Qe4 29. Ne5 f6 30. Nd3 a5 31. Rfe1 cxb2 32. Rxc8 Rxc8 33. f3 Qg6 34. Bf2 Bxa3 35. Nf4 Nc3 36. Qd2 Qe8 37. Qc2 Nd5 38. Qb3 Rc3 39. Qa2 Qc6 40. e4 Nxf4 41. d5 0-1

[Event "Crema op 03rd"]
[Site "Crema"]
[Date "2001.09.08"]
[Round "4"]
[White "Drei, Andrea"]
[Black "Mussap, Angelo"]
[Result "1-0"]
[WhiteElo "2269"]
[BlackElo "1825"]
[PlyCount "137"]
[EventDate "2001.09.07"]
[EventType "swiss"]
[EventRounds "6"]
[EventCountry "ITA"]
[SourceTitle "EXT 2007"]
[Source "ChessBase"]
[SourceDate "2006.11.23"]
[SourceVersion "1"]
[SourceVersionDate "2006.11.23"]
[SourceQuality "1"]

1. e4 c5 2. Nf3 d6 3. d4 cxd4 4. Nxd4 Nf6 5. Nc3 g6 6. Be3 Bg7 7. f3 a6 8. Qd2 h5 9. 0-0-0 Nc6 10. h4 Nxd4 11. Bxd4 Bh6 12. Be3 Bxe3 13. Qxe3 Qc7 14. Qd4 Be6 15. Bd3 Rc8 16. Kb1 Qc5 17. Ne2 Qxd4 18. Nxd4 Bc4 19. b3 Bxd3 20. Rxd3 0-0 21. c4 Rc5 22. Kb2 Rfc8 23. Re1 Kf8 24. Re2 Nd7 25. Nc2 Ne5 26. Rdd2 Nd7 27. Ne3 Nb6 28. Nc2 Nd7 29. Nb4 a5 30. Nd3 R5c6 31. e5 dxe5 32. Nxe5 Nxe5 33. Rxe5 b6 34. Rd7 e6 35. Rb5 Rb8 36. c5 Rxc5 37. Rxc5 bxc5 38. Rc7 a4 39. Rxc5 axb3 40. axb3 Rb4 41. Rc4 Rb7 42. Kc3 Ke7 43. b4 Kd6 44. Rc5 f5 45. Kc4 e5 46. b5 e4 47. fxe4 fxe4 48. Rd5+ Ke6 49. Rg5 Rd7 50. Rxg6+ Ke5 51. Rg8 Rc7+ 52. Kb4 Rc2 53. b6 Rb2+ 54. Kc5 e3 55. Re8+ Kf4 56. Kc6 Rc2+ 57. Kd7 Rd2+ 58. Kc7 Rc2+ 59. Kb8 Rxg2 60. b7 Rb2 61. Kc7 e2 62. Rxe2 Rxe2 63. b8Q Kg4 64. Qg8+ Kh3 65. Qb3+ Kg2 66. Qd5+ Kh2 67. Qxh5 Rc2+ 68. Kd6 Rd2+ 69. Ke5 1-0